[Event "CAN-op"]
[Site "Edmonton CAN"]
[Date "2005.07.13"]
[Round "6.27"]
[White "Lauritson, Jim"]
[Black "Li, Zhichao"]
[Result "0-1"]
[WhiteElo "1910"]
[BlackElo "2238"]
[PlyCount "178"]
[GameId "2160767910901814"]
[EventDate "2005.07.09"]
[EventType "swiss"]
[EventRounds "10"]
[EventCountry "CAN"]

1. e4 c6 2. Nc3 d5 3. Nf3 Bg4 4. h3 Bxf3 5. Qxf3 Nf6 6. exd5 cxd5 7. Bb5+ Nc6 8. d4 e6 9. O-O h6 10. Ne2 Rc8 11. c3 Bd6 12. Ng3 O-O 13. Nh5 Nxh5 14. Qxh5 Qf6 15. Bd2 Na5 16. Rae1 Nc4 17. Bxc4 Rxc4 18. Re3 Kh7 19. Ree1 Bf4 20. Be3 b5 21. Qg4 Bd6 22. f4 g6 23. Bd2 b4 24. Re2 bxc3 25. bxc3 Rb8 26. Ref2 Ra4 27. Be1 Rb6 28. Qe2 Rba6 29. g3 Qd8 30. Qb2 Qc7 31. Qb1 Kg7 32. Rb2 Qc4 33. Rff2 Rc6 34. Qd1 Bc7 35. Qb3 Rb6 36. Qxc4 Rxc4 37. Rxb6 Bxb6 38. Rb2 g5 39. fxg5 hxg5 40. Kg2 Kg6 41. Re2 Ba5 42. Rc2 Rc8 43. Kf2 Rh8 44. Kg2 Rb8 45. Bf2 Rb1 46. g4 Rb8 47. Bg3 Rc8 48. Be1 f5 49. Re2 Kf6 50. Kf3 Rh8 51. Rh2 Bc7 52. Bg3 Bxg3 53. Kxg3 f4+ 54. Kf3 Rc8 55. Rc2 Rc4 56. Rc1 e5 57. dxe5+ Kxe5 58. Rc2 Kd6 59. Ke2 Re4+ 60. Kf2 Kc5 61. Re2 Kc4 62. Rd2 Re5 63. Rd4+ Kxc3 64. Ra4 Re7 65. Ra5 Rd7 66. Ke2 Kd4 67. Ra6 Re7+ 68. Kf2 Rh7 69. Rg6 Rxh3 70. Rxg5 Ke4 71. Rg7 Rh2+ 72. Kf1 Rxa2 73. Re7+ Kf3 74. g5 Rf2+ 75. Ke1 Rg2 76. Rxa7 Rg1+ 77. Kd2 Rxg5 78. Rf7 Re5 79. Rf8 Kg3 80. Rg8+ Kf2 81. Rf8 f3 82. Rf7 Rg5 83. Rf8 Rg4 84. Rf7 d4 85. Rf8 Kg2 86. Ke1 d3 87. Rf7 Rg8 88. Rf6 d2+ 89. Kxd2 f2 0-1

[Event "CAN-op"]
[Site "Edmonton CAN"]
[Date "2005.07.13"]
[Round "6.28"]
[White "Davies, Lucas"]
[Black "Hill, Roderick"]
[Result "1-0"]
[WhiteElo "2165"]
[BlackElo "1904"]
[PlyCount "65"]
[GameId "2160767910901815"]
[EventDate "2005.07.09"]
[EventType "swiss"]
[EventRounds "10"]
[EventCountry "CAN"]

1. e4 Nc6 2. Nf3 d6 3. d4 Nf6 4. Nc3 Bg4 5. Be2 e6 6. Be3 Be7 7. Nd2 Bxe2 8. Qxe2 d5 9. e5 Nd7 10. f4 Nb4 11. Nf3 c5 12. O-O O-O 13. Nd1 c4 14. Nf2 Nc6 15. Nh3 f6 16. exf6 Rxf6 17. Bf2 Rh6 18. Rae1 Nf8 19. c3 Qd7 20. Ne5 Nxe5 21. fxe5 Bh4 22. Qg4 Bxf2+ 23. Rxf2 Qe7 24. Ref1 Re8 25. Qf4 Ng6 26. Qf7+ Qxf7 27. Rxf7 Re7 28. Ng5 Rh5 29. Rxe7 Nxe7 30. Nxe6 Rf5 31. Rxf5 Nxf5 32. Kf2 Kf7 33. Nd8+ 1-0

[Event "CAN-op"]
[Site "Edmonton CAN"]
[Date "2005.07.13"]
[Round "6.29"]
[White "Gulati, Justin"]
[Black "Jiang, Louie"]
[Result "1-0"]
[WhiteElo "2122"]
[BlackElo "1895"]
[PlyCount "83"]
[GameId "2160767910901816"]
[EventDate "2005.07.09"]
[EventType "swiss"]
[EventRounds "10"]
[EventCountry "CAN"]

1. e4 c5 2. Nc3 d6 3. g3 g6 4. Bg2 Bg7 5. d3 Nc6 6. Be3 Nf6 7. h3 O-O 8. Nge2 Rb8 9. f4 Bd7 10. O-O b5 11. Qd2 b4 12. Nd1 a5 13. f5 e6 14. g4 Ne8 15. Bh6 a4 16. Bxg7 Kxg7 17. g5 e5 18. f6+ Kg8 19. Ne3 h5 20. Qe1 Kh7 21. Ng4 Qc8 22. Nh6 Bxh3 23. Qh4 Bg4 24. Ng3 Nd4 25. Rf2 Rb7 26. Kh2 a3 27. b3 Rc7 28. Rh1 Rb7 29. Kg1 Bd1 30. Bh3 Qc7 31. Bg4 Bxg4 32. Nxg4 Rh8 33. Nh6 Ng7 34. fxg7 Kxg7 35. Kg2 Qd8 36. Rhf1 Rf8 37. Rf6 Ne6 38. Nxh5+ gxh5 39. Qxh5 Nf4+ 40. R1xf4 exf4 41. Nf5+ Kg8 42. Qh6 1-0

[Event "CAN-op"]
[Site "Edmonton CAN"]
[Date "2005.07.13"]
[Round "6.30"]
[White "Belleau, David"]
[Black "Yuan, Michael"]
[Result "0-1"]
[WhiteElo "1911"]
[BlackElo "2119"]
[PlyCount "102"]
[GameId "2160767910901817"]
[EventDate "2005.07.09"]
[EventType "swiss"]
[EventRounds "10"]
[EventCountry "CAN"]

1. e4 c5 2. Nf3 d6 3. d4 cxd4 4. Nxd4 Nf6 5. Nc3 a6 6. Bg5 e6 7. Be2 Be7 8. Qd2 h6 9. Be3 Qc7 10. f4 b5 11. Bf3 Bb7 12. a3 Nbd7 13. g4 Nc5 14. Qg2 g6 15. O-O-O e5 16. Nde2 Rc8 17. Ng3 Qa5 18. Kb1 b4 19. axb4 Qxb4 20. g5 hxg5 21. fxg5 Nfd7 22. Na2 Qb6 23. Rd3 Qd8 24. Ra3 Nb6 25. Bxc5 Rxc5 26. h4 Nc4 27. Rc3 a5 28. Nf1 a4 29. Ne3 Nxb2 30. Rxc5 dxc5 31. Nd5 Bxd5 32. exd5 Nc4 33. Ka1 O-O 34. Qe2 Nd6 35. Qxe5 Nf5 36. Qf4 Bd6 37. Qxa4 Be5+ 38. c3 Qe7 39. Rg1 Bxc3+ 40. Nxc3 Qe3 41. Ne2 Qxf3 42. Qc4 Ra8+ 43. Kb1 Ne3 44. Qd3 c4 45. Qd2 Qe4+ 46. Kb2 Rb8+ 47. Ka2 Nxd5 48. Nc3 Nb4+ 49. Kb2 Nd3+ 50. Ka1 Ra8+ 51. Na2 Qd4+ 0-1

[Event "CAN-op"]
[Site "Edmonton CAN"]
[Date "2005.07.13"]
[Round "6.32"]
[White "Taylor, William"]
[Black "Henry, Liam"]
[Result "0-1"]
[WhiteElo "1900"]
[BlackElo "2062"]
[PlyCount "60"]
[GameId "2160767910901818"]
[EventDate "2005.07.09"]
[EventType "swiss"]
[EventRounds "10"]
[EventCountry "CAN"]

1. f4 c5 2. b3 g6 3. Bb2 Nf6 4. g4 Bg7 5. g5 Nh5 6. Bxg7 Nxg7 7. Bg2 Nc6 8. Nf3 d6 9. e3 Bg4 10. O-O Qd7 11. c4 h6 12. h4 hxg5 13. hxg5 Nf5 14. Qe1 Bxf3 15. Rxf3 O-O-O 16. Nc3 Nh4 17. Rg3 Nxg2 18. Kxg2 Rh5 19. Qg1 Rdh8 20. Ne4 Qf5 21. Nf2 e5 22. Rf3 exf4 23. Rxf4 Rxg5+ 24. Kf3 Ne5+ 25. Ke2 Rxg1 26. Rxg1 Qc2 27. Rf6 Rh2 28. Rxd6 Nd3 29. Rxd3 Rxf2+ 30. Kxf2 Qxd3 0-1

[Event "CAN-op"]
[Site "Edmonton CAN"]
[Date "2005.07.13"]
[Round "6.33"]
[White "Ingram, Richard"]
[Black "Sorgard, Graham"]
[Result "1-0"]
[WhiteElo "2056"]
[BlackElo "1870"]
[PlyCount "41"]
[GameId "2160767910901819"]
[EventDate "2005.07.09"]
[EventType "swiss"]
[EventRounds "10"]
[EventCountry "CAN"]

1. e4 g6 2. d4 Bg7 3. c3 d6 4. Bd3 a6 5. Be3 b5 6. a4 bxa4 7. Rxa4 Nf6 8. Nf3 O-O 9. O-O Nbd7 10. Qe2 c5 11. Nbd2 Bb7 12. b3 cxd4 13. Bxd4 e5 14. Be3 d5 15. Bxa6 dxe4 16. Bxb7 exf3 17. Qxf3 Rxa4 18. bxa4 Qa5 19. Qc6 Rd8 20. Nb3 Nb8 21. Qc4 1-0

[Event "CAN-op"]
[Site "Edmonton CAN"]
[Date "2005.07.13"]
[Round "6.34"]
[White "Aird, Ian"]
[Black "Stark, Mark"]
[Result "0-1"]
[WhiteElo "2070"]
[BlackElo "1832"]
[PlyCount "54"]
[GameId "2160767910901820"]
[EventDate "2005.07.09"]
[EventType "swiss"]
[EventRounds "10"]
[EventCountry "CAN"]

1. e4 c5 2. Nf3 Nc6 3. Bb5 g6 4. Bxc6 dxc6 5. h3 Bg7 6. d3 Nf6 7. Nc3 O-O 8. Be3 b6 9. Qd2 Ne8 10. Bh6 a5 11. Bxg7 Nxg7 12. h4 Bg4 13. Ne5 Be6 14. h5 Nxh5 15. g4 Nf6 16. Qh6 Qc7 17. f4 Rfd8 18. O-O-O Kh8 19. Nxg6+ fxg6 20. e5 Bxg4 21. exf6 exf6 22. Rde1 Bf5 23. Qh4 Qg7 24. Ne4 Bxe4 25. Rxe4 Re8 26. Rhe1 Rxe4 27. Rxe4 Qf7 0-1

[Event "CAN-op"]
[Site "Edmonton CAN"]
[Date "2005.07.13"]
[Round "6.35"]
[White "Yam, Alex"]
[Black "Hyseni, Astrit"]
[Result "1/2-1/2"]
[WhiteElo "2048"]
[BlackElo "1805"]
[PlyCount "91"]
[GameId "2160767910901821"]
[EventDate "2005.07.09"]
[EventType "swiss"]
[EventRounds "10"]
[EventCountry "CAN"]

1. d4 d5 2. Bg5 h6 3. Bh4 g5 4. Bg3 Bg7 5. Nf3 c5 6. c3 c4 7. Qc2 Nf6 8. Nbd2 Nc6 9. e4 dxe4 10. Nxe4 Nxe4 11. Qxe4 f5 12. Qc2 b5 13. h4 g4 14. Ng1 Qd5 15. Ne2 b4 16. Nf4 Qb5 17. Nh5 O-O 18. b3 Be6 19. bxc4 Bxc4 20. Qb3 Bxb3 21. Bxb5 Bd5 22. Nf4 Be4 23. f3 gxf3 24. gxf3 Bxf3 25. O-O Be4 26. Rae1 bxc3 27. Rxe4 Nxd4 28. Bc4+ Kh7 29. Rxe7 Rac8 30. Nh5 Kg6 31. Rxg7+ Kxh5 32. Bd5 c2 33. Bf2 Ne2+ 34. Kh2 Rc3 35. Bf7+ Rxf7 36. Rxf7 c1=Q 37. Rxc1 Nxc1 38. Rxf5+ Kg4 39. Rf6 Rc2 40. Kg1 Nd3 41. Bxa7 Rxa2 42. Bf2 Nxf2 43. Rxf2 Ra1+ 44. Kh2 Kxh4 45. Rg2 h5 46. Rg7 1/2-1/2

[Event "CAN-op"]
[Site "Edmonton CAN"]
[Date "2005.07.13"]
[Round "6.36"]
[White "Tomaras, Pavlos"]
[Black "Sladek, Vaclav"]
[Result "1/2-1/2"]
[WhiteElo "1886"]
[BlackElo "2047"]
[PlyCount "58"]
[GameId "2160767910901822"]
[EventDate "2005.07.09"]
[EventType "swiss"]
[EventRounds "10"]
[EventCountry "CAN"]
[SourceTitle "EXT 2022"]
[Source "ChessBase"]
[SourceDate "2021.10.06"]
[SourceVersion "1"]
[SourceVersionDate "2021.10.06"]
[SourceQuality "1"]

1. e4 c5 2. d4 cxd4 3. c3 dxc3 4. Nxc3 e6 5. Nf3 a6 6. Bc4 Qc7 7. Bb3 Nc6 8. O-O Nge7 9. Qe2 Ng6 10. Rd1 Be7 11. Be3 O-O 12. Rac1 d6 13. Na4 Bd7 14. Bb6 Qb8 15. Rc2 Qe8 16. Rcd2 Na5 17. Bxa5 Bxa4 18. Qc4 Bb5 19. Qc3 Rc8 20. Qe3 Ne5 21. Nxe5 dxe5 22. Bc3 h6 23. Bxe5 Bb4 24. Qg3 f6 25. Bd6 Bxd6 26. Rxd6 Bc4 27. Bxc4 Rxc4 28. Qb3 Qc8 29. h3 Rc1 1/2-1/2

[Event "CAN-op"]
[Site "Edmonton CAN"]
[Date "2005.07.13"]
[Round "6.37"]
[White "Lane, Travis"]
[Black "Thomas, Bruce"]
[Result "1-0"]
[WhiteElo "2037"]
[BlackElo "1795"]
[PlyCount "93"]
[GameId "2160767910901823"]
[EventDate "2005.07.09"]
[EventType "swiss"]
[EventRounds "10"]
[EventCountry "CAN"]

1. e4 c5 2. Nf3 Nc6 3. d4 cxd4 4. Nxd4 a6 5. c4 e6 6. Be3 g6 7. Nc3 Bg7 8. Qd2 Nge7 9. Be2 O-O 10. O-O Nxd4 11. Bxd4 Bxd4 12. Qxd4 f5 13. Rad1 Nc6 14. Qd2 Qe7 15. exf5 gxf5 16. Rfe1 Qf6 17. Bf1 Rf7 18. Qd6 h6 19. Rd3 Qe7 20. Qf4 Qf6 21. Rh3 Kh7 22. Qd2 b6 23. Rd3 Qg7 24. Rd1 Ne5 25. Rg3 Qf6 26. f4 Ng6 27. Qd6 Bb7 28. Qxb6 Bc6 29. Qd4 Qh4 30. Ne2 Rg8 31. Rdd3 Rgg7 32. Rh3 Qd8 33. Ra3 Qa8 34. Qf2 Nh8 35. Rxh6+ Kg8 36. Qh4 Ng6 37. Qh5 Bxg2 38. Rg3 Be4 39. Bg2 Qa7+ 40. Kh1 Bxg2+ 41. Rxg2 Qb7 42. Rhxg6 Rxg6 43. Qxg6+ Kf8 44. Kg1 Qf3 45. Qh6+ Ke7 46. Qh4+ Kd6 47. Qf2 1-0

[Event "CAN-op"]
[Site "Edmonton CAN"]
[Date "2005.07.13"]
[Round "6.38"]
[White "Tang, Edward"]
[Black "Asquith, Tom"]
[Result "1-0"]
[WhiteElo "2022"]
[BlackElo "1789"]
[PlyCount "83"]
[GameId "2160767910901824"]
[EventDate "2005.07.09"]
[EventType "swiss"]
[EventRounds "10"]
[EventCountry "CAN"]

1. e4 e6 2. d4 d5 3. Nc3 Bb4 4. e5 b6 5. Bd2 f6 6. exf6 Nxf6 7. Nf3 O-O 8. Bb5 c6 9. Ba4 Ba6 10. Ne2 Bd6 11. Bg5 Qc7 12. c3 Ne4 13. Be3 Nd7 14. Bc2 Ndf6 15. Bd3 Bb7 16. h3 Rae8 17. O-O e5 18. dxe5 Bxe5 19. Nxe5 Qxe5 20. Bd4 Qd6 21. f3 Ng5 22. Qd2 Ne6 23. Bf2 Nc5 24. Bc2 Ba6 25. Rfe1 Rf7 26. Nd4 Rff8 27. Nf5 Qd7 28. Rad1 Ne6 29. b4 Nh5 30. Nd4 Nef4 31. Rxe8 Rxe8 32. Bf5 Qd6 33. Re1 Rxe1+ 34. Qxe1 Kf7 35. Bg4 g6 36. Bxh5 Nxh5 37. Qe3 Nf4 38. Bg3 Nxh3+ 39. Kh2 Qd7 40. gxh3 Bc8 41. Qh6 Kg8 42. Be5 1-0

[Event "CAN-op"]
[Site "Edmonton CAN"]
[Date "2005.07.13"]
[Round "6.39"]
[White "Erickson, John"]
[Black "Steininger, Gavin"]
[Result "0-1"]
[WhiteElo "1904"]
[BlackElo "2011"]
[PlyCount "78"]
[GameId "2160767910901825"]
[EventDate "2005.07.09"]
[EventType "swiss"]
[EventRounds "10"]
[EventCountry "CAN"]

1. Nf3 c5 2. c4 Nc6 3. Nc3 Nd4 4. e3 Nxf3+ 5. Qxf3 g6 6. b3 Bg7 7. Bb2 Nh6 8. Be2 d6 9. h3 O-O 10. O-O Rb8 11. Rfd1 e5 12. Nd5 Nf5 13. g4 e4 14. Qxe4 Bxb2 15. Rab1 Be5 16. gxf5 Bxf5 17. Qg2 Qh4 18. Bg4 Bxb1 19. Rxb1 f5 20. Be2 f4 21. Re1 Rf5 22. exf4 Bxf4 23. Bg4 Rff8 24. Ne7+ Kh8 25. Re2 Be5 26. Nd5 Rbe8 27. Kh1 Bd4 28. Ne3 Re7 29. Qg3 Qxg3 30. fxg3 h5 31. Ng2 Rf1+ 32. Kh2 Rxe2 33. Bxe2 Rf2 34. Bd3 Kg7 35. Be4 Rxd2 36. Bxb7 Rxa2 37. h4 Rb2 38. Kh3 Rxb3 39. Bd5 Be5 0-1

[Event "CAN-op"]
[Site "Edmonton CAN"]
[Date "2005.07.13"]
[Round "6.40"]
[White "Davies, Noam"]
[Black "Laming, Ryan"]
[Result "1-0"]
[WhiteElo "2008"]
[BlackElo "1756"]
[PlyCount "40"]
[GameId "2160767910901826"]
[EventDate "2005.07.09"]
[EventType "swiss"]
[EventRounds "10"]
[EventCountry "CAN"]

1. e4 c5 2. Nf3 d6 3. d4 cxd4 4. Nxd4 Nf6 5. Nc3 a6 6. Bg5 e6 7. Qd3 Be7 8. Be2 Nbd7 9. O-O-O Qc7 10. f4 b5 11. Bf3 Nc5 12. Qe3 e5 13. Bxf6 Bxf6 14. Nd5 Qb7 15. Nf5 Bxf5 16. exf5 e4 17. Bxe4 Nxe4 18. Qxe4+ Kf8 19. Nxf6 Qa7 20. Nd7+ Kg8 1-0

[Event "CAN-op"]
[Site "Edmonton CAN"]
[Date "2005.07.13"]
[Round "6.42"]
[White "Lawson, Jonathan"]
[Black "Bertrand, Daryl"]
[Result "0-1"]
[WhiteElo "1782"]
[BlackElo "1987"]
[PlyCount "94"]
[GameId "2160767910901827"]
[EventDate "2005.07.09"]
[EventType "swiss"]
[EventRounds "10"]
[EventCountry "CAN"]

1. e4 g6 2. d4 Bg7 3. Nc3 c6 4. f4 d5 5. e5 Nh6 6. Be3 Qb6 7. Na4 Qa5+ 8. c3 f6 9. Be2 Qc7 10. h3 Nd7 11. Nf3 b5 12. Nc5 Nxc5 13. dxc5 Nf5 14. Bd4 Ng3 15. Rg1 O-O 16. Qd2 Bh6 17. Bd3 Bf5 18. Bxf5 Nxf5 19. g4 Nxd4 20. cxd4 fxe5 21. g5 Rxf4 22. gxh6 Rxf3 23. O-O-O e4 24. Rg4 Raf8 25. Qg2 R8f6 26. Rd2 e3 27. Rd3 Rf1+ 28. Rd1 R1f2 29. Qg3 Qxg3 30. Rxg3 e2 31. Re1 R6f4 32. Re3 Kf7 33. R1xe2 Rxe2 34. Rxe2 Rxd4 35. Rf2+ Ke6 36. Rf8 Rh4 37. Ra8 Rxh6 38. Rxa7 Rh4 39. b3 Rxh3 40. Rc7 Rc3+ 41. Kb2 Rxc5 42. a4 bxa4 43. bxa4 d4 44. Rc8 Kd7 45. Rh8 d3 46. Rxh7 d2 47. Rh1 Rc1 0-1

[Event "CAN-op"]
[Site "Edmonton CAN"]
[Date "2005.07.13"]
[Round "6.43"]
[White "Fokkema, Jerred"]
[Black "Mandic, Slaven"]
[Result "0-1"]
[WhiteElo "1773"]
[BlackElo "1970"]
[PlyCount "92"]
[GameId "2160767910901828"]
[EventDate "2005.07.09"]
[EventType "swiss"]
[EventRounds "10"]
[EventCountry "CAN"]

1. e4 d6 2. d4 Nf6 3. Nc3 g6 4. f4 Bg7 5. Nf3 c5 6. Bd3 cxd4 7. Nxd4 Nc6 8. Nxc6 bxc6 9. O-O Qb6+ 10. Kh1 O-O 11. Na4 Qa5 12. c4 Rb8 13. Bd2 Qc7 14. Bc3 Bd7 15. e5 dxe5 16. Bxe5 Qa5 17. Bxb8 Rxb8 18. Qc2 c5 19. Nc3 Ng4 20. Rfb1 Bd4 21. h3 Nf2+ 22. Kh2 Nxd3 23. Qxd3 Bf5 24. Ne4 Qc7 25. Rf1 Rxb2 26. Qf3 Qc6 27. Ng5 Qa4 28. Qd5 Qe8 29. Nf3 Be6 30. Qe4 Bxc4 31. Rfc1 f5 32. Qe1 Bd5 33. Qd1 Qb8 34. Rxc5 Qxf4+ 35. Kh1 Bxf3 36. Rc8+ Kf7 37. Qxf3 Qxf3 38. gxf3 Rd2 39. Rd8 e5 40. a4 f4 41. Rb1 Kf6 42. h4 Ra2 43. Rb4 g5 44. Rd6+ Kf5 45. hxg5 Kxg5 46. Rd5 Kh4 0-1

[Event "CAN-op"]
[Site "Edmonton CAN"]
[Date "2005.07.13"]
[Round "6.44"]
[White "Lafreniere, Adrian"]
[Black "Abrahams, Daniel"]
[Result "1-0"]
[WhiteElo "1703"]
[BlackElo "1946"]
[PlyCount "176"]
[GameId "2160767910901829"]
[EventDate "2005.07.09"]
[EventType "swiss"]
[EventRounds "10"]
[EventCountry "CAN"]

1. e4 c5 2. b3 e6 3. Bb2 d5 4. exd5 Qxd5 5. Qf3 Nd7 6. Qxd5 exd5 7. Nf3 Ngf6 8. Nc3 Bd6 9. Nb5 Bb8 10. d4 a6 11. Nc3 O-O 12. Be2 b6 13. O-O Bb7 14. Bd3 Ne4 15. Ne2 Re8 16. Ng3 Bc7 17. c4 Ndf6 18. Nf5 Nh5 19. g3 Nd6 20. Nxd6 Bxd6 21. Nd2 Rad8 22. Rfe1 Bf8 23. cxd5 Nf6 24. dxc5 Rxe1+ 25. Rxe1 Nxd5 26. Bf1 Bxc5 27. Bg2 h6 28. Nc4 b5 29. Na5 Ba8 30. a3 b4 31. Nc4 Nc3 32. Bxa8 Rxa8 33. axb4 Bxb4 34. Ra1 Ne4 35. Bd4 Nc5 36. Rb1 Rc8 37. Nb6 Rd8 38. Be3 Rd3 39. Nc4 Rxb3 40. Ra1 Rc3 41. Nb2 a5 42. Kf1 Nb3 43. Rd1 Rc2 44. Rd8+ Kh7 45. Na4 Ra2 46. Nb6 Nc5 47. Ra8 Ne4 48. Ra7 f6 49. Nd5 Bd2 50. Bd4 Kg6 51. h4 h5 52. Ne7+ Kh7 53. Nf5 Bh6 54. Re7 Nd2+ 55. Kg2 a4 56. Nxh6 Kxh6 57. Re2 Kg6 58. Be3 a3 59. Rxd2 Rb2 60. Rd3 a2 61. Ra3 Kf5 62. Kf3 Ke5 63. Ra5+ Ke6 64. Ke4 g5 65. Kd3 gxh4 66. gxh4 Rb4 67. Bd4 a1=Q 68. Rxa1 Kf5 69. Rg1 Rb3+ 70. Bc3 Ra3 71. Rg3 Kf4 72. Ke2 Ra2+ 73. Kf1 f5 74. Kg2 Rc2 75. Bf6 Rc6 76. Rg6 Rc2 77. Rg5 Ra2 78. Rxh5 Kg4 79. Rg5+ Kxh4 80. Rxf5+ Kg4 81. Rb5 Ra6 82. Bd4 Rd6 83. Be3 Rg6 84. Rb4+ Kf5+ 85. Kf3 Rg1 86. Rb5+ Kg6 87. Ke4 Kg7 88. f4 Kf6 1-0

[Event "CAN-op"]
[Site "Edmonton CAN"]
[Date "2005.07.13"]
[Round "6.45"]
[White "Culjaga, Nikolai"]
[Black "Mattson, Marvin"]
[Result "1/2-1/2"]
[WhiteElo "1927"]
[BlackElo "1703"]
[PlyCount "65"]
[GameId "2160767910901830"]
[EventDate "2005.07.09"]
[EventType "swiss"]
[EventRounds "10"]
[EventCountry "CAN"]

1. e4 e6 2. d4 d5 3. Nc3 dxe4 4. Nxe4 Nd7 5. Nf3 Ngf6 6. Bg5 Be7 7. Nxf6+ Bxf6 8. Bxf6 Qxf6 9. c3 O-O 10. Bd3 Re8 11. Qc2 h6 12. O-O-O c6 13. h4 b5 14. Rh3 Bb7 15. Kb1 e5 16. g4 exd4 17. Nxd4 Ne5 18. g5 Qf4 19. gxh6 Nxd3 20. Rf3 Qxh6 21. Nf5 Qh5 22. Qxd3 c5 23. Re3 c4 24. Nxg7 Rxe3 25. fxe3 Kxg7 26. Rg1+ Kh6 27. Qd4 Qf5+ 28. Kc1 f6 29. Rg4 Qf1+ 30. Kc2 Qe2+ 31. Kc1 Qe1+ 32. Kc2 Qe2+ 33. Kc1 1/2-1/2

[Event "CAN-op"]
[Site "Edmonton CAN"]
[Date "2005.07.13"]
[Round "6.46"]
[White "Longo, Tyler"]
[Black "Tot, Nandor"]
[Result "0-1"]
[WhiteElo "1733"]
[BlackElo "1924"]
[PlyCount "68"]
[GameId "2160767910901831"]
[EventDate "2005.07.09"]
[EventType "swiss"]
[EventRounds "10"]
[EventCountry "CAN"]

1. d4 Nf6 2. Nf3 e6 3. e3 b6 4. Bd3 Bb7 5. Nbd2 d5 6. O-O Bd6 7. b3 O-O 8. Bb2 Nbd7 9. Re1 Ne4 10. c4 f5 11. a4 Qe7 12. Qc1 a5 13. Ba3 c5 14. cxd5 exd5 15. Bb5 Rac8 16. Qb2 Ndf6 17. h3 Nxd2 18. Nxd2 Ne4 19. dxc5 bxc5 20. Nxe4 fxe4 21. Qd2 Qe5 22. g3 Rf3 23. Bb2 Qg5 24. h4 Qg4 25. Bf1 Rcf8 26. Re2 Kh8 27. Qxa5 Bc8 28. Qb5 Qf5 29. Ra2 Bxg3 30. Bg2 Rxf2 31. Ra1 c4 32. Rae1 Qg4 33. Rxf2 Bxf2+ 34. Kh1 Qxh4+ 0-1

[Event "CAN-op"]
[Site "Edmonton CAN"]
[Date "2005.07.13"]
[Round "6.47"]
[White "Schulz, Waldemar"]
[Black "Long, Hugh"]
[Result "1-0"]
[WhiteElo "2056"]
[BlackElo "1780"]
[PlyCount "79"]
[GameId "2160767910901832"]
[EventDate "2005.07.09"]
[EventType "swiss"]
[EventRounds "10"]
[EventCountry "CAN"]

1. Nf3 d5 2. g3 c5 3. Bg2 Nc6 4. d4 e6 5. O-O Nf6 6. c4 Be7 7. cxd5 exd5 8. Nc3 c4 9. Ne5 Be6 10. Qa4 Qb6 11. e4 Rd8 12. Be3 O-O 13. exd5 Nxd5 14. Nxc4 Qb4 15. Qxb4 Ncxb4 16. Nxd5 Bxd5 17. Ne5 Bxg2 18. Kxg2 Nc2 19. Rad1 Rd5 20. Rd2 Nxe3+ 21. fxe3 Bb4 22. Rc2 f6 23. Nd3 Ba5 24. Rfc1 Rd7 25. b4 Bb6 26. Rc8 Rxc8 27. Rxc8+ Kf7 28. Nc5 Bxc5 29. Rxc5 Ke6 30. Kf3 b6 31. Rc8 Kd5 32. Rc2 Re7 33. b5 f5 34. Rc6 g6 35. h4 Rf7 36. Kf4 Re7 37. h5 gxh5 38. Rf6 Rc7 39. Rxf5+ Ke6 40. Rxh5 1-0

[Event "CAN-op"]
[Site "Edmonton CAN"]
[Date "2005.07.13"]
[Round "6.49"]
[White "Dean, Tim"]
[Black "Keep, Richard"]
[Result "1/2-1/2"]
[WhiteElo "2002"]
[BlackElo "1777"]
[PlyCount "84"]
[GameId "2160767910901833"]
[EventDate "2005.07.09"]
[EventType "swiss"]
[EventRounds "10"]
[EventCountry "CAN"]

1. e4 c6 2. d4 d5 3. Nc3 dxe4 4. Nxe4 Bf5 5. Ng3 Bg6 6. h4 h6 7. Nf3 Nd7 8. h5 Bh7 9. Bd3 Bxd3 10. Qxd3 Ngf6 11. Bf4 Qa5+ 12. Bd2 Qc7 13. O-O-O e6 14. c4 Be7 15. Ne4 b5 16. cxb5 cxb5+ 17. Kb1 Nxe4 18. Qxe4 O-O 19. Ne5 Rac8 20. Rc1 Qd6 21. Qb7 Rxc1+ 22. Bxc1 Nxe5 23. dxe5 Qd3+ 24. Ka1 Bc5 25. f4 b4 26. g4 a5 27. g5 a4 28. gxh6 gxh6 29. f5 a3 30. f6 axb2+ 31. Bxb2 Kh7 32. Rc1 Be3 33. Qxb4 Bxc1 34. Qxf8 Bxb2+ 35. Kxb2 Qd4+ 36. Kb3 Qd3+ 37. Ka4 Qa6+ 38. Kb4 Qb6+ 39. Kc4 Qc6+ 40. Qc5 Qa4+ 41. Qb4 Qxa2+ 42. Kc5 Qd5+ 1/2-1/2

[Event "CAN-op"]
[Site "Edmonton CAN"]
[Date "2005.07.13"]
[Round "6.50"]
[White "Olson, Hans"]
[Black "Day, Jonathan"]
[Result "1-0"]
[WhiteElo "2002"]
[BlackElo "1741"]
[PlyCount "69"]
[GameId "2160767910901834"]
[EventDate "2005.07.09"]
[EventType "swiss"]
[EventRounds "10"]
[EventCountry "CAN"]

1. e4 c6 2. d4 d5 3. exd5 cxd5 4. c4 Nf6 5. Nf3 g6 6. Nc3 Bg7 7. Be2 Nc6 8. h3 O-O 9. O-O Bf5 10. a3 Qd6 11. c5 Qc7 12. b4 e5 13. Nb5 Qe7 14. dxe5 Nxe5 15. Bb2 Nxf3+ 16. Bxf3 a6 17. Nd6 Be6 18. Re1 Rad8 19. Qe2 Rxd6 20. cxd6 Qxd6 21. Be5 Qd7 22. Rac1 Rc8 23. Qb2 Ne8 24. Rxc8 Qxc8 25. Bxg7 Nxg7 26. Rc1 Qd7 27. Qe5 Nf5 28. Rc7 Qd6 29. Qxd6 Nxd6 30. a4 d4 31. Bxb7 Nxb7 32. Rxb7 d3 33. Rb8+ Kg7 34. Rd8 Bc4 35. Rd4 1-0

[Event "CAN-op"]
[Site "Edmonton CAN"]
[Date "2005.07.13"]
[Round "6.51"]
[White "Klein, Gernot"]
[Black "Caron, Harvey"]
[Result "1-0"]
[WhiteElo "2023"]
[BlackElo "1741"]
[PlyCount "69"]
[GameId "2160767910901835"]
[EventDate "2005.07.09"]
[EventType "swiss"]
[EventRounds "10"]
[EventCountry "CAN"]

1. e4 c5 2. Nf3 d6 3. d4 cxd4 4. Nxd4 Nf6 5. Nc3 a6 6. Be3 e5 7. Nf3 Be6 8. Ng5 b5 9. Nxe6 fxe6 10. Bd3 Be7 11. O-O O-O 12. f4 b4 13. Na4 Nbd7 14. Bc4 d5 15. exd5 exd5 16. Bxd5+ Nxd5 17. Qxd5+ Kh8 18. fxe5 Qc8 19. Rxf8+ Bxf8 20. Rd1 Nxe5 21. Nb6 Qxc2 22. Nxa8 Ng4 23. Rf1 Nf6 24. Qd2 Qc8 25. Nb6 Qe6 26. b3 h5 27. Nc4 Be7 28. Qf2 Bd8 29. Qf5 Qc6 30. Qc5 Qd7 31. Qd6 Qe8 32. Kh1 Be7 33. Qe6 Qd8 34. Ne5 Kh7 35. Nc6 1-0

[Event "CAN-op"]
[Site "Edmonton CAN"]
[Date "2005.07.13"]
[Round "6.52"]
[White "Zaczek, Jonathon"]
[Black "Trandafir, Stefan"]
[Result "1-0"]
[WhiteElo "2017"]
[BlackElo "1731"]
[PlyCount "65"]
[GameId "2160767910901836"]
[EventDate "2005.07.09"]
[EventType "swiss"]
[EventRounds "10"]
[EventCountry "CAN"]

1. e4 c5 2. Nf3 Nc6 3. d4 cxd4 4. Nxd4 Nf6 5. Nc3 e5 6. Ndb5 d6 7. Bg5 a6 8. Na3 b5 9. Nd5 Be7 10. Bxf6 Bxf6 11. c3 Be6 12. Nc2 Rb8 13. Nce3 Bg5 14. a3 Bxe3 15. Nxe3 Ne7 16. c4 O-O 17. cxb5 f5 18. exf5 Nxf5 19. Nxf5 Rxf5 20. Be2 Rg5 21. O-O e4 22. f3 Rc5 23. b4 Rc7 24. bxa6 d5 25. Qd4 Qd6 26. b5 Rb6 27. a4 Bd7 28. Rfd1 Rc2 29. Qxd5+ Qxd5 30. Rxd5 Rxe2 31. a7 Rg6 32. a8=Q+ Kf7 33. Rxd7+ 1-0

[Event "CAN-op"]
[Site "Edmonton CAN"]
[Date "2005.07.13"]
[Round "6.56"]
[White "Gluckie, Jamin"]
[Black "Conner, Kris"]
[Result "1-0"]
[WhiteElo "1907"]
[BlackElo "1586"]
[PlyCount "63"]
[GameId "2160767910901839"]
[EventDate "2005.07.09"]
[EventType "swiss"]
[EventRounds "10"]
[EventCountry "CAN"]

1. d4 Nf6 2. c4 g6 3. f3 Bg7 4. e4 d6 5. Nc3 O-O 6. Bg5 h6 7. Be3 e5 8. Nge2 Nc6 9. d5 Ne7 10. Qd2 Kh7 11. g4 Nd7 12. Ng3 Nc5 13. b4 Nd7 14. Rd1 a5 15. a3 b6 16. h4 axb4 17. axb4 Ra3 18. Qb2 Ra8 19. Bd3 Ba6 20. Kf2 Nf6 21. g5 Nfg8 22. h5 Bc8 23. Rh2 Bd7 24. Rdh1 Qe8 25. Ke2 f5 26. hxg6+ Qxg6 27. exf5 Nxf5 28. Nxf5 Bxf5 29. Ne4 Qf7 30. gxh6 Bf6 31. Rg1 Ne7 32. Rg7+ 1-0